Statistics for Cities in the Dallas–Fort Worth Metroplex (Texas)

Click here to take the quiz!

General Stats

  • This quiz has been taken 263 times
  • The average score is 10 of 14

Answer Stats

Population City % Correct
1,286,380Dallas
100%
829,560Fort Worth
99%
281,390Plano
90%
383,950Arlington
88%
237,490Irving
74%
236,030Garland
67%
179,970McKinney
66%
172,940Frisco
66%
189,430Grand Prairie
61%
143,350Mesquite
61%
130,990Denton
61%
110,140Richardson
53%
132,330Carrollton
50%
104,780Lewisville
44%

Score Distribution

Percentile by Number Answered

Percent of People with Each Score

Your Score History

You have not taken this quiz